Gýč, Mickey Mouse a biznis
Disney World v Orlande na Floride - najnavštevovanejší zábavný park na svete. Ponuka zábavy v niekoľkých tematických parkoch. Otvorenie v roku 1971 ako dvojičku prvého Disneylandu v Kalifornii. Čo atrakcia, to iná rozprávka. Park Epcot - malá zmenšenina sveta. Zábava a biznis. Neustály rast tržieb -...
Na minha lista:
| Autor principal: | |
|---|---|
| Formato: | Capítulo de Livro |
| Idioma: | eslovaco |
| Assuntos: | |
| Tags: |
Sem tags, seja o primeiro a adicionar uma tag!
|
MARC
| LEADER | 00000naa a2200000 4500 | ||
|---|---|---|---|
| 001 | 0229155 | ||
| 005 | 20221104112614.7 | ||
| 041 | 0 | |a slo | |
| 044 | |a SK | ||
| 245 | 1 | 0 | |a Gýč, Mickey Mouse a biznis |c Tomáš Vašuta |
| 520 | |a Disney World v Orlande na Floride - najnavštevovanejší zábavný park na svete. Ponuka zábavy v niekoľkých tematických parkoch. Otvorenie v roku 1971 ako dvojičku prvého Disneylandu v Kalifornii. Čo atrakcia, to iná rozprávka. Park Epcot - malá zmenšenina sveta. Zábava a biznis. Neustály rast tržieb - 16 miliárd dolárov v r. 2015. | ||
| 610 | 2 | 0 | |a oddych |
| 610 | 2 | 0 | |a čas voľný |
| 610 | 2 | 0 | |a film |
| 610 | 2 | 0 | |a podnikanie |
| 610 | 2 | 0 | |a deti |
| 610 | 2 | 0 | |a dospelí |
| 610 | 2 | 0 | |a tržby |
| 610 | 2 | 0 | |a značky |
| 610 | 2 | 0 | |a USA |
| 100 | 1 | |a Vašuta, Tomáš | |